| 000 | 00973nam a22002535a 4500 | ||
|---|---|---|---|
| 003 | OSt | ||
| 005 | 20170305151407.0 | ||
| 008 | 170305s2016 ua frb 000 0 ara d | ||
| 015 | _a2015 / 8815 | ||
| 020 | _a9789770478134 | ||
| 040 |
_aEG-ScBUE _bara _cEG-ScBUE |
||
| 082 | 0 | 4 |
_a341.23 _bأ ح م _222 |
| 100 | 1 |
_aأحمد، سيد أبو ضيف. _940815 |
|
| 245 | 1 | 2 |
_aالأمم المتحدة والتنظيم الدولي المعاصر بين المثالية والواقعية / _cتأليف سيد أبو ضيف أحمد. |
| 260 |
_aالقاهرة : _bدار النهضة العربية، _c2016. |
||
| 300 |
_a460 ص. : _bإيض. ؛ _c24 سم. |
||
| 490 | 0 | _aببليوجرافيا العلوم السياسية | |
| 504 | _aيشتمل على إرجاعات ببليوجرافية. | ||
| 610 | 2 | 7 |
_aالأمم المتحدة. _2BUEsh |
| 650 | 7 |
_aالمنظمات الدولية. _2BUEsh |
|
| 651 | _2BUEsh | ||
| 653 |
_bLLAAWW _cFebruary2017 |
||
| 942 | _2ddc | ||
| 999 |
_c24327 _d24299 |
||